Statistiche per Elenca la formazione - Quiz n°270

Clicka qui per fare il quiz!

Statistiche generali

  • Questo quiz è stato fatto 2 volte
  • Il punteggio medio è 7 su 11

Statistiche sulle risposte

RuoloClub dell'epocaCalciatore% Corretto
AttaccanteAtletico MadridDiego Forlán
100%
AttaccantePalermoEdinson Cavani
100%
PortiereLazioFernando Muslera
100%
CentrocampistaNapoliWalter Gargano
100%
CentrocampistaPortoÁlvaro Pereira
50%
DifensoreVillarrealDiego Godín
50%
CentrocampistaMonacoDiego Pérez
50%
CentrocampistaPeñarolEgidio Arévalo Ríos
50%
DifensoreBarcellonaMartín Cáceres
50%
DifensoreBenficaMaximiliano Pereira
50%
DifensoreUniversidad de ChileMauricio Victorino
0%

Distribuzione punteggi

Percentile per numero di risposta

Percentuale di utenti per punteggio

I tuoi punteggi nel tempo

Non hai fatto questo quiz